| 000 | 00621nam a2200193 a 4500 | ||
|---|---|---|---|
| 001 | 000017388 | ||
| 005 | 20240412074247.0 | ||
| 008 | 100324s1973 dr 000 j spa d | ||
| 040 |
_aDO-SdBNP _bspa _cBNPHU |
||
| 082 |
_aRD863.44 _bC718c |
||
| 100 | 1 |
_aColombino Perelló, Héctor, _d1922- _929458 |
|
| 245 | 1 | 0 |
_aCuentos banilejos / _cHéctor Colombino Perelló. |
| 260 |
_aSanto Domingo : _bCultural Dominicana, _c1973. |
||
| 300 |
_a55 p. ; _c20 cm. |
||
| 590 | _aInventariado, 2019/VM | ||
| 650 | 0 |
_aCuentos dominicanos _9176 |
|
| 650 | 0 |
_aLiteratura dominicana. _967 |
|
| 910 | _aValiddado. Control de calidad MMOLINA | ||
| 999 |
_c16913 _d16913 |
||